| 000 | 00491nam a2200205Ia 4500 | ||
|---|---|---|---|
| 005 | 20250425160715.0 | ||
| 008 | 250425s9999 xx 000 0 und d | ||
| 020 | _a9221079457 | ||
| 041 | _aeng | ||
| 082 | _a658.42 | ||
| 245 | 0 | _aCASE : OWN YOUR OWN BUSINESS | |
| 250 | _aS.E. | ||
| 260 | _aGINEBRA | ||
| 260 |
_aSuiza _bINTERNATINAL LABOUR OFFICE _c1991 |
||
| 300 | _a16 | ||
| 650 | _aNEGOCIOS | ||
| 650 | _aPROGRAMAS DE DESARROLLO EMPRESARIAL | ||
| 942 | _c01 | ||
| 010 | _a3011 | ||
| 999 |
_c194518 _d194518 |
||